| 000 | 00743nam a22002177a 4500 | ||
|---|---|---|---|
| 999 |
_c545 _d545 |
||
| 003 | AR-CdUCM | ||
| 008 | 190225b ||||| |||| 00| 0 spa d | ||
| 040 |
_aMUNICIPALIDAD PROVINCIAL DEL CUSCO _cBIBLIOTECA MUNICIPAL DEL CUSCO |
||
| 082 |
_a869.569 / _bG69 |
||
| 100 |
_aGonzález Vigil, Ricardo _91199 |
||
| 245 | _aLeamos juntos a Vallejo / | ||
| 260 |
_aLima : _bBanco Central de Reserva del Perú, Fondo Editorial, _c1988. |
||
| 300 |
_a281 páginas ; _c23 cm. |
||
| 505 | _aContenido: t.1. Los heraldos negros y otros poemas juveniles. | ||
| 650 |
_aCésar Vallejo _92124 |
||
| 650 |
_aPoesías peruanas _91481 |
||
| 650 |
_aCrítica e interpretación _91144 |
||
| 650 |
_aLiteratura peruana _9169 |
||
| 942 |
_2ddc _cLIBROS |
||
| 945 | _azta | ||